| 000 | 00828nam a22002297a 4500 | ||
|---|---|---|---|
| 999 |
_c164863 _d164863 |
||
| 005 | 20190802123101.0 | ||
| 010 | _aB-728341 | ||
| 020 |
_a9780199476282 _c700.00 |
||
| 035 | _aB-728341 | ||
| 037 | _bRK Books | ||
| 082 | _a621.382 | ||
| 100 | _aLathi,B. P. | ||
| 245 |
_aModern digital and analog communication systems / _cby B. P. Lathi [and] Zhi Ding |
||
| 250 | _a4th ed | ||
| 260 |
_aNew Delhi _bOxford University Press _c2018 |
||
| 270 |
_aGround Floor, 2/11, Ansari Road, Daryaganj _bNew Delhi _e110002 |
||
| 300 |
_axi, 964p.: _c24cm(pbk) _bill. |
||
| 500 | _aincludes index | ||
| 700 | _aDing, Zhi | ||
| 942 |
_2ddc _cEN _h621.382 _mLAT |
||